| 000 | 00495cam a2200193ua 4500 | ||
|---|---|---|---|
| 020 |
_a81-85095-85-x _c95.00 |
||
| 041 |
_aeng _h |
||
| 082 |
_a670 _bAMI/MA |
||
| 100 | _aAmitabhu, Ghosh . | ||
| 245 |
_aManufacturing science / _cAmitabhu Ghosh. _hTextual Documents |
||
| 250 |
_a1 / _b. |
||
| 260 |
_a : _bAffiliated East West Press Pvt Ltd , _c1994. |
||
| 300 | _a433 ; . | ||
| 365 | _a95.00 | ||
| 504 | _a | ||
| 700 | 1 | _aAsok kumar, Malik . | |
| 942 | _cBK | ||
| 999 |
_c1592 _d1592 |
||